00591nam a2200193Ia 4500003000900000008004100009020001500050040001600065080001800081100002300099245006800122260003400190300001400224490005000238650004100288650001800329650003000347700002000377IN-BaIIA211028s9999 xx 000 0 eng d a0-851262-7 cIIA Library a523.7.53bAKA aAkasofu, Syun-Ichi 0aSolar terrestrial physicscSyun-lchi Akasofu and Sydney Chapman aOxfordbClarendon Pressc1972 axx, 901p. aInternational Series of Monographs on Physics aAstronomy and Astrophysics Thesaurus aSolar Physics aSolar Terrestrial Physics aChapman, Sydney